| 000 | 02248nam a22003855i 4500 | ||
|---|---|---|---|
| 001 | vtls002040332 | ||
| 003 | NLI | ||
| 005 | 20210701035420.0 | ||
| 008 | 190601s2016 xxu| s |||| 0|eng d | ||
| 020 |
_a9781137568670(ebook:PDF) _9978-1-137-56867-0 |
||
| 035 | _a(DE-He213)978-1-137-56867-0 | ||
| 039 | 9 |
_y201906011834 _zarpitag |
|
| 041 | 1 | _aeng | |
| 082 | 0 | 4 |
_a306.096 _223 |
| 100 | 1 |
_aOloruntoba, Samuel O. _91361629 |
|
| 245 | 1 | 0 |
_aRegionalism and Integration in Africa _h[electronic resource] : _bEU-ACP Economic Partnership Agreements and Euro-Nigeria Relations / _cby Samuel O. Oloruntoba. |
| 260 |
_aNew York : _bPalgrave Macmillan US(Imprint), _c2016. |
||
| 300 |
_aXIV, 236 p. _bonline resource. |
||
| 490 | 1 | _aAfrican Histories and Modernities | |
| 520 | _aThe resurgence of regionalism is borne out of the current political logjams that have characterized the governance and operations of multilateral trading system over the past one decade and a half. Oloruntoba critically examines Euro-Nigeria relations within the context of the Economic Partnership Agreements in terms of the political and economic implications of the agreements on Nigeria's non-oil exports sub-sectors. Set within one of the main objectives of the Economic Partnership Agreements, he also interrogates the prospects and challenges of regional integration in Africa under the regime of transnational accumulation, which the Economic Partnership Agreements represents. | ||
| 650 | 0 |
_aEthnology-Africa. _91266181 |
|
| 650 | 0 |
_aInternational Economics. _9838199 |
|
| 650 | 0 |
_aAfrica, Sub-Saharan-History. _91360198 |
|
| 650 | 1 | 4 | _aAfrican Culture. |
| 650 | 2 | 4 |
_aWorld Regional Geography (Continents, Countries, Regions). _91361630 |
| 650 | 2 | 4 |
_aHistory of Sub-Saharan Africa. _91361631 |
| 710 | 2 |
_aSpringerLink (Online service) _9732385 |
|
| 830 | 0 |
_aAfrican Histories and Modernities _91361632 |
|
| 856 | 4 | 0 | _uhttps://doi.org/10.1007/978-1-137-56867-0 |
| 887 | _a arpitag | ||
| 905 | 1 | 0 | _aarpitag |
| 949 |
_AVIRTUAITEM _D10000 _X206 _6EBK000027511ENG _eEBK27511 |
||
| 942 |
_2ddc _cBKS |
||
| 999 |
_aVIRTUA _c1457166 _d1457166 |
||
| 999 | _aVTLSSORT0080*0200*0410*0820*1000*2450*2600*3000*4900*5200*6500*6501*6502*6503*6504*6505*7100*8300*8560*9050*9992 | ||